| 000 | 01174cam a2200277 a 4500 | ||
|---|---|---|---|
| 001 | 15589823 | ||
| 005 | 20100127170244.0 | ||
| 008 | 090116s2009 nyu |rb 001 0 eng | ||
| 010 | _a 2009001859 | ||
| 020 | _a9780230618657 (alk. paper) | ||
| 020 | _a0230618650 (alk. paper) | ||
| 040 |
_aDLC _cDLC _dDLC |
||
| 043 |
_aa------ _af------ |
||
| 050 | 0 | 0 |
_aJQ1852.A979 _bI68 2009 |
| 082 | 0 | 0 |
_a324.2182 _222 _bINT |
| 245 | 0 | 0 |
_aInterpreting Islamic Political Parties / _cEdited by M.A. Mohamed Salih. |
| 260 |
_aNew York : _bPalgrave Macmillan, 2009 _c2009. |
||
| 300 |
_axviii, 302 p. ; _c22 cm. |
||
| 504 | _aIncludes bibliographical references and index. | ||
| 650 | 0 |
_aPolitical parties _zIslamic countries. _911787 |
|
| 651 | 0 |
_aIslamic countries _xPolitics and government. _911788 |
|
| 700 | 1 |
_aSalih, Mohamed Abdel Rahim M. _q(Mohamed Abdel Rahim Mohamed) _911789 |
|
| 942 |
_2ddc _cBB |
||
| 999 |
_c13484 _d13484 |
||